| 000 | 00611 a2200181 4500 | ||
|---|---|---|---|
| 999 |
_c183276 _d183276 |
||
| 005 | 20211221165540.0 | ||
| 010 | _aENG-130479 | ||
| 020 |
_a978-93-89691-97-9 _c195.00 |
||
| 035 | _aEN-114011 | ||
| 037 | _bDBAD/PUB | ||
| 082 |
_a330.954 _b1 |
||
| 100 | _aKaruppiah, Sankarganesh | ||
| 245 |
_aIndian Economy: _cSankarganesh Karuppiah _bKey Concepts |
||
| 260 |
_aTamill Nadu _bMcGraw Hill Education Private Limited _c2021 |
||
| 270 |
_a444/1, Sri Ekambara Naicker Industrial Estate, Alapakkam, Porur _bChennai _e600116 |
||
| 300 |
_a196p. _c24cm (pbk) |
||
| 942 |
_adpl _cEN _2ddc _h330.954 _mKAR |
||